5HLuxD.jpg

KING HENRY VIII SENIOR AND PRIMARY SCHOOL LIBRARY OPAC

The tale of Mr. Tod (Record no. 2308)

000 -LEADER
fixed length control field 01081cam a2200313 ab4500
001 - CONTROL NUMBER
control field 698549
003 - CONTROL NUMBER IDENTIFIER
control field INLPI
005 - DATE AND TIME OF LATEST TRANSACTION
control field 20230411114435.0
008 - FIXED-LENGTH DATA ELEMENTS--GENERAL INFORMATION
fixed length control field 040128s2002 enka b 000 j eng d
020 ## - INTERNATIONAL STANDARD BOOK NUMBER
International Standard Book Number 9780723247838
Qualifying information (hbk.) :
035 ## - SYSTEM CONTROL NUMBER
System control number (SPYDUS)730037
040 ## - CATALOGING SOURCE
Original cataloging agency NLPI
Language of cataloging eng
Transcribing agency NLPI
Modifying agency NLPI
-- KH8
Description conventions aacr2
042 ## - AUTHENTICATION CODE
Authentication code nbic
082 0# - DEWEY DECIMAL CLASSIFICATION NUMBER
Classification number 823.912 POT
100 1# - MAIN ENTRY--PERSONAL NAME
Personal name Potter, Beatrix,
Dates associated with a name 1866-1943.
Relator term Author
245 14 - TITLE STATEMENT
Title The tale of Mr. Tod
Medium [children's book] /
Statement of responsibility, etc. by Beatrix Potter.
250 ## - EDITION STATEMENT
Edition statement Original and authorized ed.
260 ## - PUBLICATION, DISTRIBUTION, ETC.
Place of publication, distribution, etc. London :
Name of publisher, distributor, etc. Frederick Warne,
Date of publication, distribution, etc. 2002.
300 ## - PHYSICAL DESCRIPTION
Extent 79 p. :
Other physical details ill. (some col.) ;
Dimensions 15 cm.
490 1# - SERIES STATEMENT
Series statement The complete collection of original tales ;
Volume/sequential designation 14.
500 ## - GENERAL NOTE
General note Originally published : 1912.
521 8# - TARGET AUDIENCE NOTE
Target audience note Ages 3-7.
650 10 - SUBJECT ADDED ENTRY--TOPICAL TERM
Topical term or geographic name entry element Foxes
General subdivision Pictorial works
-- Juvenile fiction.
650 11 - SUBJECT ADDED ENTRY--TOPICAL TERM
Topical term or geographic name entry element Badgers
General subdivision Pictorial works
-- Juvenile fiction.
650 10 - SUBJECT ADDED ENTRY--TOPICAL TERM
Topical term or geographic name entry element Rabbits
General subdivision Pictorial works
-- Juvenile fiction.
650 11 - SUBJECT ADDED ENTRY--TOPICAL TERM
Topical term or geographic name entry element Rescues
General subdivision Pictorial works
-- Juvenile fiction.
830 #4 - SERIES ADDED ENTRY--UNIFORM TITLE
Uniform title The complete collection of original tales ;
Volume/sequential designation 14.
942 ## - ADDED ENTRY ELEMENTS (KOHA)
Source of classification or shelving scheme
Koha item type Books
Holdings
Withdrawn status Lost status Source of classification or shelving scheme Damaged status Not for loan Collection code Permanent Location Current Location Shelving location Date acquired Total Checkouts Total Renewals Full call number Barcode Date last seen Date last checked out Price effective from Koha item type
          Fiction KH8 Primary School Library KH8 Primary School Library Non Fiction 2023-04-11 17 1 823.912 POT KHPL000004057 2025-12-05 2025-11-14 2023-04-11 Books

Powered By KH8 IT Dept